Лабораторный практикум по химии и технологии горючих ископаемых: учебное пособие для вузов

Մատենագիտական մանրամասներ
Հիմնական հեղինակ: Чистяков А. Н. Александр Николаевич
Այլ հեղինակներ: Соболева Т. П. Тамара Петровна, Сыроежко А. М. Александр Михайлович
Լեզու:ռուսերեն
Հրապարակվել է: Москва, Металлургия, 1993
Խորագրեր:
Ձևաչափ: Գիրք
KOHA link:https://koha.lib.tpu.ru/cgi-bin/koha/opac-detail.pl?biblionumber=32163

MARC

LEADER 00000nam0a2200000 4500
001 32163
005 20231030204753.0
010 |a 5229008490 
035 |a (RuTPU)RU\TPU\book\32459 
035 |a BOOK00000538 
090 |a 32163 
100 |a 20011210d1993 m y0rusy50 ca 
101 0 |a rus 
102 |a RU 
105 |a a j 000zy 
200 1 |a Лабораторный практикум по химии и технологии горючих ископаемых  |e учебное пособие для вузов  |f А. Н. Чистяков, Т. П. Соболева, А. М. Сыроежко 
210 |a Москва  |c Металлургия  |d 1993 
215 |a 239 с.  |c ил. 
320 |a Библиогр.: с. 239. 
610 1 |a химия 
610 1 |a химическая технология 
610 1 |a горючие ископаемые 
610 1 |a химическая переработка 
610 1 |a лабораторные практикумы 
610 1 |a учебные пособия 
675 |a 553.9(076.5)  |v 3 
675 |a 662.74(076.5)  |v 3 
675 |a 665.65(076.5)  |v 3 
700 1 |a Чистяков  |b А. Н.  |g Александр Николаевич 
701 1 |a Соболева  |b Т. П.  |g Тамара Петровна 
701 1 |a Сыроежко  |b А. М.  |g Александр Михайлович 
801 0 |a RU  |b 63413507  |c 20011210  |g PSBO 
801 2 |a RU  |b 63413507  |c 20090702  |g PSBO 
942 |c BK